Problémy ochrany a prezentácie archeologických nálezov v SSR

Bibliographic Details
Main Author: Tóthová, Štefánia (Author)
Format: Article
Language:Slovak
PhysicalDescription:Obr. 1.
Subjects:

MARC

LEADER 00000nab a2200000 a 4500
001 vtls000357726
003 SK-MaSNL
005 20260304081748.0
008 250424c1989 xo 0 slo
015 |a SNBRB19rr/mm-uuuuu 
035 |a CL0357848 
035 |a (urnnbn)urn:nbn:sk:snk:ar-a07qu2 
035 |a (uuid)7f3f85f4-4fba-4468-bab7-d12ce08ef3a0 
035 |a urn:nbn:sk:snk-ab8b6d 
040 |a SNKBUCL  |b slo  |c SNKBUCL  |e AACR2 
041 0 |a slo 
044 |a xo  |c SK 
080 |a 902.3  |2 1981 
100 1 |a Tóthová, Štefánia  |4 aut  |9 5552 
245 1 0 |a Problémy ochrany a prezentácie archeologických nálezov v SSR  |c Štefánia Tóthová 
300 |b Obr. 1. 
650 0 7 |a archeologické nálezy  |2 snkbucl  |9 4975 
650 0 7 |a SSR  |2 snkbucl  |9 926679 
655 7 |a články z novín a časopisov  |2 snkbucl  |9 267496 
773 0 |t Pamiatky príroda  |g Roč. 20, č. 2 (1989), s. 6-7 
850 |a Slovenská národná knižnica 
852 |a Slovenská národná knižnica 
954 |a odborná, vedecká literatúra pôvodná (slovenská)  |2 lita 
958 |a article9 
958 |a RK 
958 |a OND 
958 |a EUIPO 
992 |a RBX 
999 |c 2792129  |d 2794059